000 00427nam a2200145Ia 4500
008 240729s9999 xx 000 0 und d
022 _a2597-8934
245 0 _aJISAE (Journal of Indonesian Student Assessment and Evaluation)
260 _aIndonesia
260 _blppm Universitas Negeri Jakarta
650 _aEducation
856 _uhttps://doaj.org/toc/d1c0924167084c50a362c34c7bedcbbb
942 _2ddc
942 _cDOAJEJ
999 _c74921
_d74921
945 _a1
_bMadushi Gamage
_c1
_dMadushi Gamage